000 00434cam a2200169ua 4500
020 _c6.00
041 _ahin
_h
082 _a891.43
_bSAC/AR
100 _aSachidanand, Hiranand Vatsyan .
245 _aAre vayakar rahega yaad /
_cSachidanand Hiranand.
_hTextual Documents
260 _aNew Delhi :
_bSaraswathi Press ,
_c1953.
300 _a228 ; .
365 _a6.00
504 _a
942 _cBK
999 _c12087
_d12087